000 00399nam a2200169Ia 4500
003 OSt
005 20230227152945.0
008 210707s9999 xx 000 0 und d
040 _cAL
041 _aeng
082 _a311/65 GUPS
100 _aGUPTA (S P)
_973523
245 _aStatistical methods
650 _aMathematical Statistics
_973524
650 _aMathematics
_973525
942 _2ddc
_cBB
999 _c179909
_d179909